| 000 | 00660cam a22002293a 4500 | ||
|---|---|---|---|
| 001 | 16821 | ||
| 003 | PGUSA | ||
| 005 | 20140828083347.0 | ||
| 008 | 051008s2005||||xxu|||||s|||||000 p eng d | ||
| 040 |
_aPGUSA _beng |
||
| 042 | _adc | ||
| 050 | 4 | _aPR | |
| 100 | 1 |
_aMurray, R. F. _q(Robert Fuller), _d1863-1894 |
|
| 245 | 1 | 4 |
_aThe Scarlet Gown : _bBeing Verses by a St. Andrews Man _h[electronic resource] / _cR. F. Murray |
| 260 |
_bProject Gutenberg, _c2005 |
||
| 506 | _aPublic domain in the USA. | ||
| 516 | _aElectronic text | ||
| 653 | _aPoetry | ||
| 830 | 0 |
_aProject Gutenberg _v16821 |
|
| 856 | 4 | 0 | _uhttp://www.gutenberg.org/ebooks/16821 |
| 942 | _cEB | ||
| 999 |
_c246076 _d246076 |
||